00821nam a22002051a 4500020000900000040002600009050002400035082002400059100002700083245012700110260003500237300001400272440009400286500010400380600004800484600004100532600003600573852000300609852000300612 c0.00 aNEGST Library - Kenya aLC 5138.K46M38 2008 aLC 5138.K46M38 2008 aMathuva, Daviel Mukiti aUnderstanding key stakeholders' perceptions of informal schools in Kawangware, Nairobi cby Daniel Mukiti Mathuva.h[Text] aNairobi, Kenya.]b[NEGSTc2008 aix, 57 p. aThesis (M.A.) Christian Education (Nairobi Evangelical Graduate School of Theology(Kenya) aIncludes bibliographical references. Thesis (M.A. Christian Education) - NEGST, Nairobi (Africana). aChurch work with children - Kenya - Nairobi aSlums - Kenya - Nairobi - Kawangware aUrban schools - Kenya - Nairobi